Kavicsok a Szent Jakab-útról 2.

Bibliographic Details
Main Author: Jóba, Alajos (Author)
Format: Article
Language:Hungarian
PhysicalDescription:Fotogr.
ISSN:1335-6534
Subjects:

MARC

LEADER 00000nab a2200000 ar4500
001 vtls010238982
003 SK-MaSNL
005 20260318132835.0
008 110223c2011 xo |||||| | 000 b|hun
015 |a SNBRB2011/02  |2 snkbucl 
038 |a SNKBUCL 
040 |a DSZK  |b slo  |c DSZK  |e AACR2 
041 0 |a hun 
044 |a xo  |c SK 
080 |a 27-522/-523  |x (460)  |2 2001 
100 1 |a Jóba, Alajos  |4 aut  |9 1225922 
245 1 0 |a Kavicsok a Szent Jakab-útról  |n 2.  |c Jóba Alajos 
300 |b Fotogr. 
500 |a Pokračovanie 
650 0 7 |a pútnické miesta  |2 SNKPH  |9 3031 
650 0 7 |a Cesta svätého Jakuba (púť)  |2 snkbucl  |9 1225923 
651 7 |a Santiago de Compostela (Španielsko)  |2 SNKPHgeo  |9 20314 
773 0 |t Remény  |g Évf. XXII, sz. 9 (2011), o. 10  |x 1335-6534 
852 |a SNK  |b KIS3GCP 
852 |a DSZK  |b KIS3GCP 
958 |a HU 
958 |a ES 
999 |c 2155462  |d 2157392